| 000 | 00600nam a2200193Ia 4500 | ||
|---|---|---|---|
| 003 | GCL | ||
| 008 | 140319s9999 xx 000 0 ara d | ||
| 040 |
_aGCL / _cGCL |
||
| 082 | 0 | 4 |
_a811.09 _bس م |
| 100 | 1 | _aسامى الدهان | |
| 245 | 1 | 0 |
_aالمديح / _cسامى الدهان |
| 250 | _aالرابعة | ||
| 260 |
_aالقاهرة : _bدار المعارف ، _c1992 |
||
| 300 |
_a107 ص ؛ _c25 سم |
||
| 490 |
_aفنون الادب العربى, الفن الغنائى _v4 |
||
| 650 | 0 | 4 | _aالشعر العربى |
| 650 | 0 | 4 | _aشعر الفخر والمديح |
| 942 |
_2ddc _cBK |
||
| 999 |
_c34049 _d34049 |
||